000 00839nam a2200265 c 4500
003 BLK
005 20190913121316.0
008 180911b bul|||||r ||||||| ||bul||
010 _a004387
040 _aBLK
041 _aFRE
080 _z949.72949.8
100 1 _a
_eпърви автор
245 1 0 _aMINORITES Bulgares en Roumanie
246 _aMemoires
_bMINORITES Bulgares en Roumanie
260 _aSofia
_c1932
_fLa Bulgarie
300 _a54 с
_c22 см
380 _a9
490 _aUnion des associations bulgares pour la paix et la Societe des nations
490 _aЧастна колекция - Академик Михаил Арнаудов
_gДарение - Основен фонд
650 _aИстория
655 _aбългарска история
852 _aМА 1548
942 _cKNG
_n0
944 _aCR
_c1996
_kValK
999 _c344721
_d344721